[Event "Open - Blitz"]
[Site "SchemingMind.com"]
[Date "2005.09.26"]
[Round "-"]
[White "PELADOSAENZ"]
[Black "SAROS"]
[Result "0-1"]
[WhiteCountry "ARG"]
[BlackCountry "TUR"]
[WhiteElo "1551"]
[WhiteRD "83"]
[BlackElo "1552"]
[BlackRD "121"]
[GameID "25633"]

1. e4 a6 2. Nf3 Nc6 3. Nc3 e5 4. Bc4 h6 5. O-O b5 6. Bd5 f6 7. Bxg8 Rxg8 8. d4 b4 9. Nd5 exd4 10. Nxd4 Bb7
11. Be3 Rb8 12. Qd2 Ne5 13. c4 Nxc4 14. Qc2 Bxd5 15. exd5 Nxe3 16. fxe3 Bd6 17. Qg6+ Kf8 18. Nf5 Qe8 19. Nxd6 Qxg6 20. Nf5 Qg5
21. e4 Qd2 22. b3 Kf7 23. Rac1 Rbc8 24. h3 Qxa2 25. Nd4 Rge8 26. Rc2 Qa5
0-1

[Event "Open - Blitz"]
[Site "SchemingMind.com"]
[Date "2005.09.25"]
[Round "-"]
[White "Gordon"]
[Black "SAROS"]
[Result "1-0"]
[WhiteCountry "ENG"]
[BlackCountry "TUR"]
[WhiteElo "2193"]
[WhiteRD "62"]
[BlackElo "1397"]
[BlackRD "141"]
[GameID "25634"]

1. e4 e5 2. f4 d6 3. Nf3 Bg4 4. Bc4 Nf6 5. Nc3 exf4 6. d4 Qe7 7. O-O g5 8. Qd3 h6 9. e5 Bxf3 10. exf6 Qxf6
11. Rxf3 Nd7 12. Nd5 Qd8 13. Bxf4 c6 14. Re1+ Be7 15. Bxd6 cxd5 16. Bxd5
1-0

[Event "Open - Blitz"]
[Site "SchemingMind.com"]
[Date "2005.09.25"]
[Round "-"]
[White "bdenley"]
[Black "SAROS"]
[Result "1-0"]
[WhiteCountry "USA"]
[BlackCountry "TUR"]
[WhiteElo "1652"]
[WhiteRD "100"]
[BlackElo "1397"]
[BlackRD "141"]
[GameID "25635"]

1. e4 e5 2. Nf3 d5 3. exd5 Qxd5 4. Nc3 Qe6 5. Bb5+ Bd7 6. Bxd7+ Nxd7 7. O-O O-O-O 8. d3 f6 9. Be3 Bc5 10. a3 Ne7
11. b4 Bb6 12. Ne4 Bxe3 13. fxe3 h6 14. c4 Nb6 15. Qc2 Nd7 16. d4 exd4 17. exd4 Rhe8 18. Rfe1 Qf5 19. Rf1 Qg6 20. Rac1 f5
21. Ng3 f4 22. Qxg6 Nxg6 23. Nf5 Rg8 24. h4 h5 25. Ne5 Ndxe5 26. dxe5 Nxe5 27. Ne7+ Kb8 28. Nxg8 Rxg8 29. Rc3 Ng6 30. Rh3 Kc8
31. Rf2 Rf8 32. Kf1 Ne5 33. c5 Kd7 34. Ke2 Ng4 35. Rf1 Kc6 36. Rd1 a6 37. Kf3 Ne5+ 38. Ke4 Nc4 39. Rb3 b5 40. cxb6 cxb6
41. a4 Nd6+ 42. Kf3 Nf5 43. Rc3+ Kb7 44. Rd7+ Kb8 45. Kxf4 Nxh4+ 46. Kg3 Nf5+ 47. Kh2 Rc8 48. Rxc8+ Kxc8 49. Rf7 g6 50. Rf6
1-0

[Event "Open - Blitz"]
[Site "SchemingMind.com"]
[Date "2005.09.26"]
[Round "-"]
[White "Glenn O'Brien"]
[Black "SAROS"]
[Result "0-1"]
[WhiteCountry "AUS"]
[BlackCountry "TUR"]
[WhiteElo "1145"]
[WhiteRD "119"]
[BlackElo "1552"]
[BlackRD "121"]
[GameID "25636"]

1. e4 a6 2. d4 e6 3. Nf3 d6 4. Nc3 b6 5. Bc4 b5 6. Bd3 Bb7 7. O-O h6 8. e5 dxe5 9. dxe5 Nc6 10. Re1 Bb4
11. a3 Bxc3 12. bxc3 Nge7 13. Nd4 Nxd4 14. cxd4 Rb8 15. c4 bxc4 16. Bxc4 c6 17. Rb1 O-O 18. Bf4 Nd5 19. Bxd5 cxd5 20. g4 Bc6
21. Rxb8 Qxb8 22. Qb1 Qa7 23. Rc1 Bb5 24. a4 Bc4 25. Rxc4 dxc4 26. Qc1 Qxd4 27. Qd2 Qxd2 28. Bxd2 Rd8 29. Ba5 Rd5
0-1

[Event "Open - Blitz"]
[Site "SchemingMind.com"]
[Date "2005.09.25"]
[Round "-"]
[White "pardesi"]
[Black "SAROS"]
[Result "0-1"]
[WhiteCountry "USA"]
[BlackCountry "TUR"]
[WhiteElo "1470"]
[WhiteRD "96"]
[BlackElo "1397"]
[BlackRD "141"]
[GameID "25637"]

1. e4 e5 2. Nf3 d6 3. Nc3 Bg4 4. h3 Bh5 5. g4 Bg6 6. Nd5 Bxe4 7. Nb4 d5 8. Bg2 Bxb4 9. O-O Nc6 10. c3 Ba5
11. d3 Bg6 12. d4 e4 13. Re1 Nge7 14. Bd2 exf3 15. Bxf3 O-O 16. b4 Bb6 17. Qb3 a5 18. b5 Na7 19. a4 c6 20. bxc6 bxc6
21. Re2 Rb8 22. Bf4 Bc7 23. Bxc7 Qxc7 24. Qa3 Nec8 25. h4 Bd3 26. Re3 Bc4 27. Rae1 Nd6 28. Bg2 Qd7 29. Re7 Qxg4 30. Rxa7 Nf5
31. f3 Qxh4 32. Qb2 Qxe1+ 33. Kh2 Rxb2
0-1

[Event "Open - Blitz"]
[Site "SchemingMind.com"]
[Date "2005.09.24"]
[Round "-"]
[White "fer_even"]
[Black "SAROS"]
[Result "1-0"]
[WhiteCountry "ARG"]
[BlackCountry "TUR"]
[WhiteElo "2017"]
[WhiteRD "99"]
[BlackElo "1397"]
[BlackRD "141"]
[GameID "25638"]

1. d4 d5 2. c4 dxc4 3. e4 a6 4. Bxc4 e6 5. Nf3 b5 6. Bd3 Nc6 7. Be3 Bb7 8. Nc3 Bb4 9. O-O h6 10. a3 Ba5
11. b4 Bb6 12. d5 exd5 13. exd5 Nce7 14. Bxb6 cxb6 15. d6 Nc8 16. Re1+ Kf8 17. d7 Qxd7 18. Ne5 Qc7 19. Rc1 Qd6 20. Qb3
1-0